Mecze reprezentacji Polski na Mistrzostwach Świata w Piłce Nożnej - Statystyki

Ogólne statystyki
  • Ten quiz został rozwiązany 194 razy
  • Średni wynik to 30 z 38
Statystyki odpowiedzi
Rok Wynik Reprezentacja % Poprawnych
1974 3:2 Argentyna
99%
1978 0:2 Argentyna
99%
2022 0:2 Argentyna
99%
1982 3:2 Francja
98%
2022 1:3 Francja
98%
2018 1:0 Japonia
95%
2022 2:0 Arabia Saudyjska
94%
1938 5:6 Brazylia
94%
1974 1:0 Brazylia
94%
1978 1:3 Brazylia
94%
1986 0:4 Brazylia
94%
1978 3:1 Meksyk
94%
2022 0:0 Meksyk
94%
2006 0:1 Niemcy
94%
2018 1:2 Senegal
90%
2018 0:3 Kolumbia
88%
2002 3:1 Stany Zjednoczone
86%
2002 0:4 Portugalia
84%
1974 2:1 Włochy
84%
1982 0:0 Włochy
84%
1982 0:2 Włochy
84%
2002 0:2 Korea Południowa
83%
1986 1:0 Portugalia
80%
1986 0:3 Anglia
75%
1982 3:0 Belgia
72%
1974 7:0 Haiti
72%
1974 1:0 Szwecja
72%
2006 0:2 Ekwador
69%
1974 0:1 RFN
69%
1978 0:0 RFN
69%
2006 2:1 Kostaryka
63%
1982 0:0 ZSRR
61%
1978 1:0 Peru
58%
1982 5:1 Peru
58%
1974 2:1 Jugosławia
57%
1982 0:0 Kamerun
46%
1986 0:0 Maroko
39%
1978 1:0 Tunezja
39%
Nie znaleziono quizów pasujących do podanych kryteriów
Rozkład punktacji
Procent ludzi z każdym wynikiem
Percentyl według liczby udzielonych odpowiedzi
Twoja historia wyników
Nie rozwiązałeś tego quizu